000 00324nab a22001097u 4500
008 130520b1986 xxu||||| |||| 00| 0 spa d
041 _aspa
100 1 _aMcdonough, E.
_967373
245 0 0 _aLa mujer en el nuevo derecho canónico
_cE. Mcdonough
773 0 _tConcilium
_gV.1,1986,págs.399-409
_x0210-1041
_wRev134
942 _cAR
999 _c355203
_d355203